| 000 | 00619nam a2200205Ia 4500 | ||
|---|---|---|---|
| 003 | GCL | ||
| 008 | 140319s9999 xx 000 0 eng d | ||
| 040 |
_aGCL / _cGCL |
||
| 082 | 0 | 4 |
_a597.6097 _bC F |
| 100 | 1 | _aCONANT, ROGER | |
| 245 | 1 | 0 |
_aA FIELD GUIDE TO REPTILES AND AMPHIBIANS: EASTERN AND CENTRAL NORTH AMERICA / _cCONANT, ROGER |
| 700 | 1 | _aCOLLINS, JOSEPH T | |
| 260 |
_a[S.N] : _bHOUGHTON MIFFLIN COMPANY ، _c1991 |
||
| 300 | _a450 P | ||
| 650 | 0 | 4 | _aREPTILES - IDENTIFICATION |
| 650 | 0 | 4 | _aAMPHIBIANS - IDENTIFICATION |
| 650 | 0 | 4 | _aREPTILES - CANADA |
| 650 | 0 | 4 | _aAMPHIBIANS - CANADA |
| 942 |
_2ddc _cBK |
||
| 999 |
_c14129 _d14129 |
||